Normal view
MARC view
Entry Topical Term
001 - CONTROL NUMBER
- control field: 65782
003 - CONTROL NUMBER IDENTIFIER
- control field: OSt
005 - DATE AND TIME OF LATEST TRANSACTION
- control field: 20260127150421.0
008 - FIXED-LENGTH DATA ELEMENTS
- fixed length control field: 260127|| aca||aabn | a|a d
040 ## - CATALOGING SOURCE
- Original cataloging agency: OSt
- Transcribing agency: OSt
150 ## - HEADING--TOPICAL TERM
- Topical term or geographic name entry element: History
- Topical term following geographic name entry element: Boats
- Chronological subdivision: Konbaung Period (1752-1885)
670 ## - SOURCE DATA FOUND
- Source citation: Work cat.: (OSt): Aung Zaw Myint . 65781, Boats and Barges of the Konbaung Period (1752-1885) /, 2010.